• 首页
  • 本馆介绍
  • 公告通知
  • 最新文献
  • 馆藏检索
  • 电子资源
  • 读者荐购
  • 参考咨询
  • CALIS
  • 我的图书馆
  • 登录
  • 详细信息显示
  • 放入我的书架
  • 预约/预借图书
  • 作者相关作品
  • 分类相关作品
  • 丛书相关作品
  • 出版社相关作品

书目信息

  • 表格格式
  • 工作单格式
  • 卡片格式
题名:
商场.橱窗展示设计(1)
    
 
作者: 陈孝生 选编
分册:  
出版信息: 福州   福建科学技术出版社  1995.08
页数: 120页
开本: 16开
丛书名:
单 册:
中图分类: TU247.2
科图分类:
主题词: 民用建筑--建筑设计
电子资源:
ISBN: 7-5335-0714-2
 
 
 
 
 
000 00592nam0 2200193 45
001 0007271071
005 20000731084834.8
010    @a7-5335-0714-2@d43.00元
100    @a20000727d1995 km y0chiy0120 ea
101 0  @achi
105    @a z 000yy
200 1  @a商场.橱窗展示设计(1)@AShang Chang.Chu Chuang Zhan Shi She Ji(1)@f陈孝生 选编@FChen Xiao Sheng Xuan Bian
210    @a福州@c福建科学技术出版社@d1995.08
215    @a120页@d16开
606 0  @a民用建筑@x建筑设计
690    @aTU247.2@v3
701  0 @a陈孝生@4选编
801    @aCN@bPftUser@c20000727
905    @dTU247.2@eCH798@b83709-713@f5
    
    商场.橱窗展示设计(1)/陈孝生 选编.-福州:福建科学技术出版社,1995.08
    120页;16开
    
    
    ISBN 7-5335-0714-2:43.00元
    
●
相关链接 在E读中查询图书 在当当中查询图书 在豆瓣中查询图书


正题名:商场·橱窗展示设计(1)     索取号:TU247.2/CH798         预约/预借

序号 登录号 条形码 馆藏地/架位号 状态 备注
1 83709   200837096   自科二线404/404自科库 12排1列5层/ [索取号:TU247.2/CH798] 在馆    
2 83710   200837103   建筑库101/101建筑库 107排3列4层/ [索取号:TU247.2/CH798] 在馆    
3 83711   200837112   自科二线404/404自科库 13排5列4层/ [索取号:TU247.2/CH798] 在馆    
4 83712   200837121   自科二线404/404自科库 12排1列5层/ [索取号:TU247.2/CH798] 在馆    
5 83713   200837130   自科二线404/404自科库 13排5列4层/ [索取号:TU247.2/CH798] 在馆    
河南城建学院图书馆 欢迎您!
大连网信软件有限公司© 版权所有